LEADER 01362nam0 22003493i 450 001 PUV0283358 005 20251003044312.0 010 $a0471550345 010 $a9780471550341 100 $a20111121d1996 ||||0itac50 ba 101 | $aeng 102 $aus 181 1$6z01$ai $bxxxe 182 1$6z01$an 183 1$6z01$anc$2RDAcarrier 200 1 $aEngineering optimization$etheory and practice$fSingiresu S. Rao 205 $a3. ed 210 $aNew York [etc.]$cWiley$dc1996 215 $aXXII, 903 p.$d24 cm. 606 $aOttimizzazione $2FIR$3MILC010488$9I 606 $aIngegneria$xMetodi matematici$2FIR$3MILC029878$9I 676 $a620.0015197$9INGEGNERIA E ATTIVITĄ AFFINI. Programmazione matematica$v22 700 1$aRao$b, S. S.$3MILV067391$4070$0556950 790 1$aRao$b, Singiresu S.$3PMIV004830$zRao, S. S. 801 3$aIT$bIT-000000$c20111121 850 $aIT-BN0095 901 $bNAP 01$cTEDASS $nex Centro interdipartimentale sulle alte tecnologie per la diagnostica ambientale e lo sviluppo sostenibile 912 $aPUV0283358 950 0$aBiblioteca Centralizzata di Ateneo$b1 v.$c1 v.$d 01TEDASS 620.0015197 RAO.en$e 0102 0000090145 VMA A4 1 v.$fY $h20111104$i20111121 977 $a 01 996 $aEngineering optimization$91422497 997 $aUNISANNIO